<?xml version="1.0" encoding="UTF-8"?><?xml-stylesheet type="text/xsl" href="static/style.xsl"?><OAI-PMH xmlns="http://www.openarchives.org/OAI/2.0/" xmlns:xsi="http://www.w3.org/2001/XMLSchema-instance" xsi:schemaLocation="http://www.openarchives.org/OAI/2.0/ http://www.openarchives.org/OAI/2.0/OAI-PMH.xsd"><responseDate>2026-04-14T04:58:24Z</responseDate><request verb="GetRecord" identifier="oai:www.recercat.cat:2117/396306" metadataPrefix="marc">https://recercat.cat/oai/request</request><GetRecord><record><header><identifier>oai:recercat.cat:2117/396306</identifier><datestamp>2025-07-22T17:42:49Z</datestamp><setSpec>com_2072_1033</setSpec><setSpec>col_2072_452951</setSpec></header><metadata><record xmlns="http://www.loc.gov/MARC21/slim" xmlns:dcterms="http://purl.org/dc/terms/" xmlns:xsi="http://www.w3.org/2001/XMLSchema-instance" xmlns:doc="http://www.lyncode.com/xoai" xsi:schemaLocation="http://www.loc.gov/MARC21/slim http://www.loc.gov/standards/marcxml/schema/MARC21slim.xsd">
   <leader>00925njm 22002777a 4500</leader>
   <datafield ind2=" " ind1=" " tag="042">
      <subfield code="a">dc</subfield>
   </datafield>
   <datafield ind2=" " ind1=" " tag="720">
      <subfield code="a">García De La Puente, Gala</subfield>
      <subfield code="e">author</subfield>
   </datafield>
   <datafield ind2=" " ind1=" " tag="260">
      <subfield code="c">2023-09-15</subfield>
   </datafield>
   <datafield ind2=" " ind1=" " tag="520">
      <subfield code="a">Como arquitectos tenemos la posibilidad de imaginarnos un espacio y las características que lo envuelven. La posibilidad de construir todo un mundo complejo a nivel espacial y sensorial se construye a lo largo de nuestro proceso de maduración en la arquitectura. El imaginario que hace posible eso está fuertemente influenciado no solo por imágenes sino por nuestras interacciones sociales, nuestras condiciones culturales y socioeconómicas del momento de nuestra vida en el que nos encontremos y por el bagaje cultural que vayamos adquiriendo. &#xd;
&#xd;
En este trabajo se lleva a cabo un estudio de la influencia de este imaginario sobre el proceso proyectual, en concreto el de RCR Arquitectes, que han conseguido con su reflexión arquitectónica y la transversalidad de su carrera sentar precedentes en cuanto al pensamiento y la actitud del arquitecto.</subfield>
   </datafield>
   <datafield ind2=" " ind1=" " tag="520">
      <subfield code="a">As architects we have the possibility to imagine a space and the features that surround it. The possibility of building a whole complex world at a spatial and sensory level is built along our process of maturation in architecture. The imaginary that makes this possible is strongly influenced not only by images but by our social interactions, our cultural and socioeconomic conditions of the moment of our life in which we are and by the cultural baggage that we are acquiring. &#xd;
&#xd;
In this work a study of the influence of this imaginary on the project process is carried out, in particular that of RCR Arquitectes, that have managed with his architectural reflection and the transversality of his career to set precedents in terms of the thought and the attitude of the architect.</subfield>
   </datafield>
   <datafield tag="653" ind2=" " ind1=" ">
      <subfield code="a">Àrees temàtiques de la UPC::Arquitectura::Arquitectes</subfield>
   </datafield>
   <datafield tag="653" ind2=" " ind1=" ">
      <subfield code="a">Àrees temàtiques de la UPC::Arquitectura::Composició arquitectònica::Teoria i estètica arquitectòniques</subfield>
   </datafield>
   <datafield tag="653" ind2=" " ind1=" ">
      <subfield code="a">RCR Arquitectes -- Criticism and interpretation</subfield>
   </datafield>
   <datafield tag="653" ind2=" " ind1=" ">
      <subfield code="a">Architects -- Spain</subfield>
   </datafield>
   <datafield tag="653" ind2=" " ind1=" ">
      <subfield code="a">Modern architecture -- 21th century -- Spain</subfield>
   </datafield>
   <datafield tag="653" ind2=" " ind1=" ">
      <subfield code="a">Imaginario</subfield>
   </datafield>
   <datafield tag="653" ind2=" " ind1=" ">
      <subfield code="a">Proceso proyectual</subfield>
   </datafield>
   <datafield tag="653" ind2=" " ind1=" ">
      <subfield code="a">Idea</subfield>
   </datafield>
   <datafield tag="653" ind2=" " ind1=" ">
      <subfield code="a">Reflexión</subfield>
   </datafield>
   <datafield tag="653" ind2=" " ind1=" ">
      <subfield code="a">RCR Aranda Pigem Vilalta Arquitectes -- Crítica i interpretació</subfield>
   </datafield>
   <datafield tag="653" ind2=" " ind1=" ">
      <subfield code="a">Arquitectes -- Catalunya</subfield>
   </datafield>
   <datafield tag="653" ind2=" " ind1=" ">
      <subfield code="a">Arquitectura moderna -- S. XXI -- Espanya</subfield>
   </datafield>
   <datafield ind2="0" ind1="0" tag="245">
      <subfield code="a">El imaginario del arquitecto, esbozado a través del proceso proyectual de RCR</subfield>
   </datafield>
</record></metadata></record></GetRecord></OAI-PMH>